Tracez la côte européenne en cliquant sur des villes - Statistiques

Statistiques générales
  • Ce quiz a été pris 634 fois
  • Le résultat moyen est 13 sur 58
Statistiques - réponses
Hint Réponse % Correct
Départ : Tromsø, Norvège > Etape 1 > Etape 2 Bergen
56%
Etape 1 > Etape 2 > Etape 3 Oslo
53%
Etape 4 > Etape 5 > Etape 6 Stockholm
41%
Etape 2 > Etape 3 > Etape 4 Göteborg
39%
Etape 6 > Etape 7 > Etape 8 Helsinki
36%
Etape 3 > Etape 4 > Etape 5 Malmö
36%
Etape 8 > Etape 9 > Etape 10 Tallinn
32%
Etape 11 > Point de repère : Kaliningrad > Etape 13 Kaliningrad
31%
Etape 9 > Etape 10 > Etape 11 Riga
31%
Kaliningrad > Etape 13 > Etape 14 Gdansk
29%
Etape 7 > Etape 8 > Etape 9 Saint-Pétersbourg
29%
Etape 34 > Point de repère : Barcelone > Etape 36 Barcelone
27%
Etape 16 > Etape 17 > Etape 18 Amsterdam
26%
Etape 21 > Etape 22 > Saint-Nazaire Brest
26%
Etape 19 > Etape 20 > Etape 21 Calais
26%
Etape 36 > Etape 37 > Etape 38 Marseille
26%
Etape 37 > Etape 38 > Etape 39 Nice
26%
Saint-Nazaire > Etape 24 > Etape 25 Arcachon
25%
Etape 20 > Etape 21 > Etape 22 Le Havre
25%
Etape 28 > Etape 29 > Etape 30 Lisbonne
25%
Etape 22 > Point de repère : Saint-Nazaire > Etape 24 Saint-Nazaire
25%
Etape 41 > Etape 42 > Etape 43 Naples
24%
Etape 14 > Etape 15 > Etape 16 Aarhus
23%
Etape 38 > Etape 39 > Etape 40 Gênes
23%
Etape 40 > Etape 41 > Etape 42 Rome (Ostie)
23%
Etape 33 > Etape 34 > Barcelone Valence
22%
Etape 45 > Point de repère : Venise > Etape 47 Venise
22%
Etape 13 > Etape 14 > Etape 15 Rostock
21%
Etape 15 > Etape 16 > Etape 17 Bremerhaven
20%
Etape 47 > Etape 48 > Etape 49 Dubrovnik
20%
Etape 31 > Etape 32 > Etape 33 Málaga
20%
Etape 27 > Etape 28 > Etape 29 Porto
20%
Etape 43 > Etape 44 > Etape 45 Bari
19%
Etape 52 > Etape 53 > Etape 54 Istanbul
19%
Etape 17 > Etape 18 > Etape 19 La Haye
19%
Etape 5 > Etape 6 > Etape 7 Oulu
19%
Etape 24 > Etape 25 > Etape 26 Saint-Sébastien
19%
Etape 57 > Etape 58 > Arrivée : Frontière Ukraine/Russie Marioupol
18%
Etape 42 > Etape 43 > Etape 44 Reggio de Calabre
18%
Venise > Etape 47 > Etape 48 Split
18%
Etape 51 > Etape 52 > Etape 53 Thessalonique
18%
Etape 26 > Etape 27 > Etape 28 La Corogne
17%
Etape 18 > Etape 19 > Etape 20 Ostende
17%
Etape 50 > Etape 51 > Etape 52 Athènes
16%
Etape 29 > Etape 30 > Etape 31 Faro
16%
Etape 10 > Etape 11 > Kaliningrad Klaipéda
16%
Etape 55 > Etape 56 > Etape 57 Odessa
16%
Etape 32 > Etape 33 > Etape 34 Alicante
15%
Etape 44 > Etape 45 > Venise Ancône
15%
Barcelone > Etape 36 > Etape 37 Sète
15%
Etape 30 > Etape 31 > Etape 32 Gibraltar
14%
Etape 25 > Etape 26 > Etape 27 Gijón
14%
Etape 54 > Etape 55 > Etape 56 Constanta
12%
Etape 48 > Etape 49 > Etape 50 Durrës
12%
Etape 39 > Etape 40 > Etape 41 Livourne
11%
Etape 56 > Etape 57 > Etape 58 Sébastopol
11%
Etape 49 > Etape 50 > Etape 51 Patras
10%
Etape 53 > Etape 54 > Etape 55 Varna
10%
Aucun quiz correspondant
Distribution des résultats
% des personnes avec chaque résultat
Percentile par nombre de réponses
Votre historique - résultats
Vous n’avez pas pris ce quiz